Revista Chilena de Derecho Privado

Bibliographic Details
Format: eBook
Language:Spanish
Published: Santiago de Chile: Universidad Diego Portales, 2009 -
Subjects:
Online Access:Acceso restringido

MARC

LEADER 00000nam a22000007a 4500
005 20170518145944.0
007 cr|||| ||||
008 170518c20099999cl fr|| s|||| 0|||b1spa d
035 |a 14629 
040 |a vLex 
090 |c 6665  |d 6665 
245 0 0 |a Revista Chilena de Derecho Privado  |h [Recurso electrn̤ico] 
256 |a Servicio en ln̕ea 
260 |a Santiago de Chile:  |b Universidad Diego Portales,  |c 2009 - 
300 |a 1 recurso electrn̤ico 
310 |a Semestral 
362 |a Nm︢. 1 (2009) - 
506 0 |a Contenido disponible en los productos indicados  |d vLex Global  |d vLex Global (Academic Edition, excluding Law Schools)  |d vLex Global (U.S. Academic Edition, Law Schools)  |d vLex Global (U.S. Academic Edition, excluding Law Schools)  |d vLex Global (Academic Edition, Law Schools) 
650 0 4 |a Derecho civil  |z Chile 
740 0 |a vLex Revistas (Servicio en ln̕ea) 
856 4 0 |u http://vlex.com/source/revista-chilena-derecho-privado-14629  |z Acceso restringido 
942 |c REV 
999 0 |a Civil law